01500nam a2200277 a 450000100060000000300080000600500170001400800410003102000150007202000230008703500190011004000270012904100080015608200290016410000220019324500820021526000410029730000240033850506500036265000270101265000420103965000310108165000470111270000170115983000460117662345BD-RjUL20211209081054.0050812s2005 caua 000 0 eng  a0761934006 a8178295512 (India) a(BD-RjUL)62471 aDLCcDLCdBD-RjULbeng aeng00a808.066791223bDEW 20051 aDe Fossard, Esta.10aWriting and producing for television and film /cEsta de Fossard, John Riber. aNew Delhi ;aLondon :bSage,cc2005. aV.2bill. ;c25 cm.0 a1. Using television and film for social development: the entertainment-education format -- 2. The role of the program manager -- 3. Articulation: designing message content for entertainment-education programs -- 4. Artistry: writing entertainment-education drama -- 5. Artistry: character development -- 6. Guidelines for script presentation and review -- 7. Auxiliaries: enhancing the message -- 8. Guidelines for pre-production: needs, budgets, and contracts -- 9. Guidelines for pre-production: artistic preparation -- 10. Guidelines for successful shooting -- 11. Guidelines for successful acting -- 12. Pilot testing -- 13. Major checklist. 0aTelevision authorship. 0aTelevisionxProduction and direction. 0aMotion picture authorship. 0aMotion picturesxProduction and direction.1 aRiber, John. 0aCommunication for behavior change ;vv. 2